000 00494nam a2200193 a 4500
001 1770813380162
003 YourLibrary
005 20260211180753.0
008 260211s2010##################000#0#eng##
020 _a9781405122917
082 0 4 _a306.709
_bBLA
100 1 _aBlanshard, Alastair J. L.,
_eauthor.
245 1 0 _aSex :
260 _bWiley-Blackwell,
_c2010.
300 _a236 pages
650 0 _aLiterary Criticism.
942 _cENGLISH
040 _aYourLibrary
_beng
_cYourLibrary
999 _c611893
_d611893